000 01340nam a2200325 a 4500
003 DO-SdBNP
005 20260305073952.0
007 ta
008 100407s19712021dr 001 0 spa d
020 _a9789945930726
040 _aDO-SdBNP
_bspa
_cBNPHU
082 4 _a972.9304
_bH695p, 2021
_222
100 1 _aHoetink, H.,
_d1931-
_937205
245 1 3 _aEl pueblo dominicano :
_b1850-1900 ; apuntes para su sociología histórica /
_cH. Hoetink ; prólogo Frank Moya Pons.
250 _a5a. ed.
260 _aSanto Domingo :
_bAcademia Dominicana de la Historia,
_c2021.
300 _a380 p. ;
_c23 cm.
490 0 _aAcademia Dominicana de la Historia ;
_v161
500 _aIncluye índice onomástico.
500 _aIncluye datos biográficos del autor en la solapa de la cubierta
500 _aIncluye referencias bibliográficas y notas al pie de las páginas.
504 _aBibliografía: p. 353-358
590 _aInventariado, 2022/ YL
650 4 _aRepública dominicana
_xPoblación
_xHistoria
_y1850-1900
_938826
651 4 _aRepública Dominicana
_xCondiciones sociales
_xHistoria
_y1850-1900
_938824
651 4 _aRepública Dominicana
_xCondiciones económicas
_xHistoria
_y1850-1900
_938825
700 1 _aMoya Pons, Frank,
_d1944-
_epról.
_92095
910 _aYLockward/Validado. Control de calidad MFF
942 _2ddc
_cLBS1
999 _c52727
_d52727